Statistics for Chelsea FC 2012/13 Premier League Squad

Click here to take the quiz!

General Stats

  • This quiz has been taken 6,009 times
    (5,992 since last reset)
  • The average score is 14 of 23

Answer Stats

HintAnswer% Correct
1Petr Čech
97%
26John Terry
95%
8Frank Lampard
94%
3Ashley Cole
88%
9Fernando Torres
88%
17Eden Hazard
86%
2Branislav Ivanović
83%
24Gary Cahill
80%
4David Luiz
75%
10Juan Mata
75%
11Oscar
75%
7Ramires
73%
12John Obi Mikel
67%
28César Azpilicueta
57%
34Ryan Bertrand
47%
15Florent Malouda
45%
40Henrique Hilário
42%
23Daniel Sturridge
35%
13Victor Moses
32%
22Ross Turnbull
31%
6Oriol Romeu
27%
19Paulo Ferreira
23%
21Marko Marin
22%

Score Distribution

Percentile by Number Answered

Percent of People with Each Score

Your Score History

You have not taken this quiz since the last reset